| 000 | 00553nam a22001817a 4500 | ||
|---|---|---|---|
| 003 | CEME | ||
| 005 | 20210628204048.0 | ||
| 008 | 210107b xxu||||| |||| 00| 0 eng d | ||
| 020 | _a9780470745601 | ||
| 040 | _cceme | ||
| 082 | _a621.31244 LYN | ||
| 100 |
_aLynn, Paul A _953487 |
||
| 245 | _aElectricity from sunlight , an introduction to photovoltaics | ||
| 260 |
_aLONDON _bJOHN WILEY & SONS _c2010 |
||
| 300 | _aXVI, 221P | ||
| 650 |
_aSOLAR ENERGY.ELECTRICITY FROM SUNLIGHT.SOLAR CELLS.PHOTOVOLTAIC POWER GENERATION. _968530 |
||
| 942 |
_cBK _2ddc |
||
| 999 |
_c576084 _d576084 |
||